40 penyebab gangguan syaitan di rumah

Bibliographic Details
Main Author: Halimah Zainuddin
Corporate Author: Title
Format: Book
Published: Kuala Lumpur : Jasmin Enterprise , 2005
Subjects:

MARC

LEADER 00000cam a2200000 7i4500
001 0000012925
005 20080104.0
008 080104
020 |a 9833128750 
090 0 0 |a 297.216   |b HAL 
100 0 |a Halimah Zainuddin 
245 1 0 |a 40 penyebab gangguan syaitan di rumah   |c Halimah Zainuddin 
260 |a Kuala Lumpur :   |b Jasmin Enterprise ,   |c 2005 
650 0 |a Devil   |x Islam 
650 0 |a Muslim   |x Conduct of life 
650 0 |a Religious life   |x Islam 
710 0 |a Title 
999 |a 0001005459   |b Book   |c Adult Collection   |e Cawangan Bandar Penawar 
999 |a 0001005461   |b Book   |c Adult Collection   |e Perbadanan Perpustakaan Awam Johor 
999 |a 0001009140   |b Book   |c Adult Collection   |e Perbadanan Perpustakaan Awam Johor 
999 |a 0001009147   |b Book   |c Adult Collection   |e Cawangan Bandar Penawar 
999 |a 0001009148   |b Book   |c Adult Collection   |e Perbadanan Perpustakaan Awam Johor 
999 |a 0001009149   |b Book   |c Adult Collection   |e Perbadanan Perpustakaan Awam Johor